000 00656nam a2200205 a 4500
005 20210223121603.0
008 991125s1971 mx 000 0 spa u
035 _aUPN01000020392
049 _aCG
050 4 _aHX39.5
_bM3.3
100 1 _aMarx, Karl,
_d1818-1883
245 1 0 _aEpistolario /
_cCarlos Marx y Federico Engels.
260 _aMéxico :
_bGrijalbo,
_c1971.
300 _a157 p.
440 0 _aColección 70 ;
_v105
600 1 4 _aENGELS, FRIEDRICH,
_d1820-1895 -
_vSELECCIONES, EXTRACTOS, ETC.
_921205
600 1 4 _aMARX, KARL,
_d1818-1883 -
_vCORRESPONDENCIA, MEMORIAS, ETC.
700 1 _aEngels, Friedrich,
_d1820-1895
_ecoaut.
905 _aLibro
999 _c20392
_d20392